[Event "Calgary int."]
[Site "Calgary CAN"]
[Date "2012.05.16"]
[Round "3.8"]
[White "Nguyen, Kim"]
[Black "Miller, David"]
[Result "1/2-1/2"]
[WhiteElo "2110"]
[BlackElo "2049"]
[PlyCount "147"]
[GameId "2160767909509431"]
[EventDate "2012.05.15"]
[EventType "swiss"]
[EventRounds "9"]
[EventCountry "CAN"]
[SourceTitle "CBM 148 Extra"]
[Source "ChessBase"]
[SourceDate "2012.06.22"]
[SourceVersion "1"]
[SourceVersionDate "2012.06.22"]
[SourceQuality "1"]

1. e4 c5 2. Nf3 d6 3. d4 cxd4 4. Nxd4 Nf6 5. Nc3 a6 6. Bc4 e6 7. Bb3 Nbd7 8. g4 Nc5 9. Qe2 h6 10. Rg1 Qc7 11. h4 e5 12. Nf5 g6 13. Ne3 Nfxe4 14. Ned5 Qa5 15. Bd2 Nxd2 16. Nf6+ Ke7 17. Qxd2 Nxb3 18. cxb3 Kd8 19. a3 Be6 20. b4 Qb6 21. O-O-O Qd4 22. Qxd4 exd4 23. Rxd4 Be7 24. Nce4 Rc8+ 25. Kd2 Rc4 26. Kd3 Rxd4+ 27. Kxd4 Bxf6+ 28. Nxf6 Ke7 29. Nd5+ Bxd5 30. Kxd5 Rc8 31. Re1+ Kd7 32. Re2 Rc1 33. g5 Rh1 34. Re4 hxg5 35. hxg5 Rg1 36. f4 Rg2 37. a4 Rxb2 38. a5 Rd2+ 39. Rd4 Rxd4+ 40. Kxd4 Kc6 41. Kc4 d5+ 42. Kd4 Kd6 43. Kd3 Kd7 44. Kd4 Kc6 45. Ke5 Kb5 46. Kxd5 Kxb4 47. Kd6 Kxa5 48. Ke7 b5 49. Kxf7 b4 50. Kxg6 b3 51. f5 b2 52. f6 b1=Q+ 53. Kg7 Qf5 54. g6 Qe5 55. Kf7 Qc7+ 56. Kg8 Qd8+ 57. Kg7 Qd4 58. Kf7 Qa7+ 59. Kg8 Qb8+ 60. Kg7 Qe5 61. Kf7 Qc7+ 62. Kg8 Qd8+ 63. Kg7 Kb6 64. f7 Qe7 65. Kg8 Qe6 66. Kg7 Qe7 67. Kg8 Qf6 68. g7 Qe6 69. Kf8 Qc8+ 70. Ke7 Qc7+ 71. Ke6 Qc6+ 72. Ke7 Qc5+ 73. Ke6 Qc4+ 74. Ke7 1/2-1/2

[Event "Calgary int."]
[Site "Calgary CAN"]
[Date "2012.05.17"]
[Round "4.1"]
[White "Pechenkin, Vladimir"]
[Black "Kovalyov, Anton"]
[Result "1/2-1/2"]
[WhiteElo "2312"]
[BlackElo "2619"]
[PlyCount "56"]
[GameId "2160767909509432"]
[EventDate "2012.05.15"]
[EventType "swiss"]
[EventRounds "9"]
[EventCountry "CAN"]
[SourceTitle "CBM 148 Extra"]
[Source "ChessBase"]
[SourceDate "2012.06.22"]
[SourceVersion "1"]
[SourceVersionDate "2012.06.22"]
[SourceQuality "1"]

1. c4 e6 2. g3 Nf6 3. Bg2 d5 4. Nf3 Be7 5. O-O O-O 6. d4 c6 7. Qc2 b6 8. Nbd2 Bb7 9. e4 Na6 10. e5 Nd7 11. a3 c5 12. dxc5 bxc5 13. b3 Qb6 14. Re1 Rfd8 15. h4 Nf8 16. Nf1 Nb8 17. Bg5 Nc6 18. cxd5 exd5 19. Ne3 h6 20. Bxh6 gxh6 21. Nf5 Bc8 22. Nxh6+ Kg7 23. Nf5+ Bxf5 24. Qxf5 Ne6 25. Qg4+ Kh8 26. Qh5+ Kg7 27. Qg4+ Kh8 28. Qh5+ Kg7 1/2-1/2

[Event "Calgary int."]
[Site "Calgary CAN"]
[Date "2012.05.17"]
[Round "4.2"]
[White "Shabalov, Alexander"]
[Black "Mikhalevski, Victor"]
[Result "1-0"]
[WhiteElo "2534"]
[BlackElo "2519"]
[PlyCount "85"]
[GameId "2160767909509433"]
[EventDate "2012.05.15"]
[EventType "swiss"]
[EventRounds "9"]
[EventCountry "CAN"]
[SourceTitle "CBM 148 Extra"]
[Source "ChessBase"]
[SourceDate "2012.06.22"]
[SourceVersion "1"]
[SourceVersionDate "2012.06.22"]
[SourceQuality "1"]

1. c4 c5 2. Nf3 Nc6 3. d4 cxd4 4. Nxd4 g6 5. e4 Bg7 6. Be3 Nf6 7. Nc3 Ng4 8. Qxg4 Nxd4 9. Qd1 Ne6 10. Rc1 O-O 11. Be2 d6 12. O-O Nc5 13. f3 a5 14. b3 Be6 15. Kh1 Qd7 16. Qd2 Rfc8 17. Rfd1 Qe8 18. Bf1 Qf8 19. Re1 Bf6 20. Bh6 Bg7 21. Bg5 Kh8 22. f4 f6 23. Bh4 Bh6 24. Bf2 g5 25. e5 dxe5 26. fxe5 f5 27. Qb2 Bg7 28. Bd4 Ra6 29. Qa3 Rac6 30. Nb5 Ne4 31. Na7 Rd8 32. Nxc6 bxc6 33. Rcd1 Rxd4 34. Rxd4 Bxe5 35. Rdxe4 fxe4 36. Qxa5 Bd4 37. Be2 Qf2 38. Rf1 Qe3 39. Qd8+ Bg8 40. Bg4 Bb6 41. Qxe7 Bd4 42. Qd8 Kg7 43. Qf8+ 1-0

[Event "Calgary int."]
[Site "Calgary CAN"]
[Date "2012.05.17"]
[Round "4.4"]
[White "Gurevich, Dmitry"]
[Black "Yam, Alex"]
[Result "1-0"]
[WhiteElo "2471"]
[BlackElo "2258"]
[PlyCount "97"]
[GameId "2160767909509435"]
[EventDate "2012.05.15"]
[EventType "swiss"]
[EventRounds "9"]
[EventCountry "CAN"]
[SourceTitle "CBM 148 Extra"]
[Source "ChessBase"]
[SourceDate "2012.06.22"]
[SourceVersion "1"]
[SourceVersionDate "2012.06.22"]
[SourceQuality "1"]

1. d4 Nf6 2. c4 e6 3. Nc3 c5 4. d5 exd5 5. cxd5 d6 6. e4 g6 7. f4 Bg7 8. Bb5+ Nfd7 9. a4 Qh4+ 10. g3 Qd8 11. Nf3 O-O 12. Kf2 a6 13. Bd3 Nf6 14. h3 Re8 15. Kg2 c4 16. Bc2 Nbd7 17. Re1 Qc7 18. Be3 Rb8 19. Ba7 b5 20. Bxb8 Qxb8 21. axb5 axb5 22. Ra5 Qc7 23. Rxb5 Ba6 24. Rb4 Nc5 25. Nd4 Rb8 26. Nc6 Rxb4 27. Nxb4 Bb7 28. Qe2 g5 29. fxg5 Nfd7 30. Qxc4 Qd8 31. h4 Ne5 32. Qe2 Bc8 33. Nc6 Qd7 34. Rh1 Ng4 35. Bd1 h5 36. gxh6 Nxh6 37. b4 Bxc3 38. bxc5 dxc5 39. Qe3 Bg7 40. Qxc5 Bf8 41. Qe3 Bg7 42. Qg5 f6 43. Qf4 Bb7 44. Bh5 Kh7 45. Rc1 Bc8 46. Ne7 Qh3+ 47. Kg1 Bd7 48. Bg6+ Kh8 49. Qb8+ 1-0

[Event "Calgary int."]
[Site "Calgary CAN"]
[Date "2012.05.17"]
[Round "4.5"]
[White "Porper, Edward"]
[Black "Haessel, Dale"]
[Result "1-0"]
[WhiteElo "2414"]
[BlackElo "2161"]
[PlyCount "57"]
[GameId "2160767909509436"]
[EventDate "2012.05.15"]
[EventType "swiss"]
[EventRounds "9"]
[EventCountry "CAN"]
[SourceTitle "CBM 148 Extra"]
[Source "ChessBase"]
[SourceDate "2012.06.22"]
[SourceVersion "1"]
[SourceVersionDate "2012.06.22"]
[SourceQuality "1"]

1. d4 Nf6 2. Bg5 e6 3. e4 h6 4. Bxf6 Qxf6 5. c3 d6 6. Nd2 Nd7 7. Bd3 g6 8. Ne2 Bg7 9. O-O b6 10. f4 Bb7 11. Qa4 a6 12. Kh1 Qe7 13. e5 dxe5 14. fxe5 Bxg2+ 15. Kxg2 Qg5+ 16. Kh1 Qxd2 17. Qc6 Rd8 18. Bxg6 O-O 19. Bh5 Qxb2 20. Rg1 Qc2 21. Rg2 Qf5 22. Rag1 Qxh5 23. Rxg7+ Kh8 24. Qe4 Qf5 25. Qe3 Qh5 26. Nf4 Qf5 27. Nd5 Qh5 28. Ne7 f5 29. Qg3 1-0

[Event "Calgary int."]
[Site "Calgary CAN"]
[Date "2012.05.17"]
[Round "4.6"]
[White "Wang, Richard"]
[Black "Perron, Sean"]
[Result "1/2-1/2"]
[WhiteElo "2307"]
[BlackElo "2059"]
[PlyCount "60"]
[GameId "2160767909509437"]
[EventDate "2012.05.15"]
[EventType "swiss"]
[EventRounds "9"]
[EventCountry "CAN"]
[SourceTitle "CBM 148 Extra"]
[Source "ChessBase"]
[SourceDate "2012.06.22"]
[SourceVersion "1"]
[SourceVersionDate "2012.06.22"]
[SourceQuality "1"]

1. d4 e6 2. Nf3 Nf6 3. e3 b6 4. Bd3 Bb7 5. O-O c5 6. c4 Be7 7. Nc3 cxd4 8. exd4 d5 9. cxd5 Nxd5 10. Bb5+ Bc6 11. a4 O-O 12. Ne5 Bb7 13. Qb3 Nxc3 14. bxc3 Qd5 15. Qxd5 Bxd5 16. Rb1 Rc8 17. Bd2 f6 18. Nf3 Nc6 19. Rfe1 Kf7 20. Ba6 Rd8 21. Bf4 Bd6 22. Bxd6 Rxd6 23. Nd2 Na5 24. f4 Rad8 25. Re3 R8d7 26. Bd3 h6 27. Rbe1 Rc7 28. Ne4 Rd8 29. Nd2 Rd6 30. Ne4 Rd8 1/2-1/2

[Event "Calgary int."]
[Site "Calgary CAN"]
[Date "2012.05.17"]
[Round "4.7"]
[White "Gardner, Robert"]
[Black "Miller, David"]
[Result "1-0"]
[WhiteElo "2202"]
[BlackElo "2049"]
[PlyCount "79"]
[GameId "2160767909509438"]
[EventDate "2012.05.15"]
[EventType "swiss"]
[EventRounds "9"]
[EventCountry "CAN"]
[SourceTitle "CBM 148 Extra"]
[Source "ChessBase"]
[SourceDate "2012.06.22"]
[SourceVersion "1"]
[SourceVersionDate "2012.06.22"]
[SourceQuality "1"]

1. f4 d5 2. Nf3 Nf6 3. g3 c5 4. Bg2 Nc6 5. O-O e6 6. e3 Bd6 7. d4 O-O 8. c3 Bd7 9. Nbd2 Rb8 10. Ne5 cxd4 11. exd4 b5 12. b4 Ne7 13. Bb2 Nf5 14. Qe2 h5 15. Nb3 Bxe5 16. fxe5 Ng4 17. Rf3 h4 18. Bh3 Qg5 19. Nc5 Bc6 20. Bc1 Qg6 21. Rf4 Ngh6 22. g4 Rbe8 23. Kh1 Ne7 24. Qf2 Qh7 25. Rf3 Ng6 26. g5 Nf5 27. Bxf5 exf5 28. Rxf5 Qh5 29. h3 Qd1+ 30. Kh2 Qh5 31. Bd2 Ne7 32. Rf3 g6 33. Rf6 Rc8 34. Rg1 Nf5 35. Rg4 Ba8 36. Nd7 Rfd8 37. Rxf5 Rxd7 38. Rf6 Kg7 39. Rxh4 Qd1 40. Rxg6+ 1-0

[Event "Calgary int."]
[Site "Calgary CAN"]
[Date "2012.05.17"]
[Round "4.8"]
[White "Ebrahim Shirazi, Behrooz"]
[Black "Nguyen, Kim"]
[Result "0-1"]
[WhiteElo "2070"]
[BlackElo "2110"]
[PlyCount "80"]
[GameId "2160767909509439"]
[EventDate "2012.05.15"]
[EventType "swiss"]
[EventRounds "9"]
[EventCountry "CAN"]
[SourceTitle "CBM 148 Extra"]
[Source "ChessBase"]
[SourceDate "2012.06.22"]
[SourceVersion "1"]
[SourceVersionDate "2012.06.22"]
[SourceQuality "1"]

1. d4 Nf6 2. c4 g6 3. Nc3 Bg7 4. e4 O-O 5. Be2 d6 6. Bg5 Na6 7. h4 e5 8. d5 Qe8 9. h5 Nc5 10. Bf3 a5 11. Qd2 Bd7 12. hxg6 fxg6 13. Be3 Qe7 14. Nh3 c6 15. O-O-O Rfd8 16. Ng5 h6 17. Nh3 cxd5 18. Nxd5 Nxd5 19. cxd5 Ba4 20. Rdg1 Nb3+ 21. axb3 Bxb3 22. Bg4 Qe8 23. Be6+ Kf8 24. Qe2 Ke7 25. Kd2 Qa4 26. Qd3 Rac8 27. Bxc8 Rxc8 28. Rc1 Qb4+ 29. Rc3 b5 30. Rhc1 a4 31. Ke1 Rc4 32. f3 Rd4 33. Qb1 Bf6 34. Kf2 Bc4 35. Bxd4 exd4 36. Rxc4 bxc4 37. Rd1 d3 38. Nf4 Bd4+ 39. Kf1 Qxb2 40. Nxd3 cxd3 0-1

[Event "Calgary int."]
[Site "Calgary CAN"]
[Date "2012.05.17"]
[Round "5.1"]
[White "Shabalov, Alexander"]
[Black "Pechenkin, Vladimir"]
[Result "1/2-1/2"]
[WhiteElo "2534"]
[BlackElo "2312"]
[PlyCount "53"]
[GameId "2160767909509440"]
[EventDate "2012.05.15"]
[EventType "swiss"]
[EventRounds "9"]
[EventCountry "CAN"]
[SourceTitle "CBM 148 Extra"]
[Source "ChessBase"]
[SourceDate "2012.06.22"]
[SourceVersion "1"]
[SourceVersionDate "2012.06.22"]
[SourceQuality "1"]

1. e4 Nf6 2. e5 Nd5 3. d4 d6 4. c4 Nb6 5. exd6 exd6 6. Nc3 Nc6 7. h3 Be7 8. Nf3 O-O 9. Be2 Re8 10. O-O Bf6 11. Re1 Bf5 12. a3 h6 13. Bf4 a6 14. Rc1 d5 15. c5 Nc8 16. b4 N8e7 17. Bf1 Qd7 18. Qd2 Be6 19. g4 g5 20. Bg3 Bg7 21. Bg2 f5 22. Bxc7 fxg4 23. hxg4 Bxg4 24. Ne5 Nxe5 25. Bxe5 Bh3 26. Bxh3 Qxh3 27. Re3 1/2-1/2

[Event "Calgary int."]
[Site "Calgary CAN"]
[Date "2012.05.17"]
[Round "5.2"]
[White "Kovalyov, Anton"]
[Black "Kaufman, Larry C"]
[Result "1-0"]
[WhiteElo "2619"]
[BlackElo "2380"]
[PlyCount "123"]
[GameId "2160767909509441"]
[EventDate "2012.05.15"]
[EventType "swiss"]
[EventRounds "9"]
[EventCountry "CAN"]
[SourceTitle "CBM 148 Extra"]
[Source "ChessBase"]
[SourceDate "2012.06.22"]
[SourceVersion "1"]
[SourceVersionDate "2012.06.22"]
[SourceQuality "1"]

1. c4 c6 2. d4 d5 3. Nf3 Nf6 4. e3 Bf5 5. Nc3 e6 6. Nh4 Be4 7. f3 Bg6 8. Qb3 Qc7 9. Bd2 Be7 10. g3 Nbd7 11. cxd5 cxd5 12. Nxg6 hxg6 13. Rc1 Qb6 14. Qxb6 axb6 15. Bb5 Bd6 16. Kf2 Ke7 17. Na4 Rh3 18. Bf1 Bxg3+ 19. Kg1 Rxh2 20. Rxh2 Bxh2+ 21. Kxh2 Rxa4 22. Rc8 Ne8 23. a3 Nd6 24. Rg8 Nc4 25. Bxc4 Rxc4 26. Bb4+ Kf6 27. Rd8 Rxb4 28. axb4 Ke7 29. Ra8 b5 30. Kg3 f6 31. Rg8 Kf7 32. Rc8 Ke7 33. Rc7 b6 34. Rc6 Kf7 35. e4 dxe4 36. fxe4 f5 37. e5 g5 38. Kf3 Ke7 39. Ke3 Kf7 40. Rc2 Ke7 41. Rg2 g4 42. Kf4 Nb8 43. d5 exd5 44. Kxf5 g6+ 45. Kf4 Nc6 46. Rxg4 Kf7 47. Rg3 Nd4 48. Rd3 Ne6+ 49. Ke3 d4+ 50. Ke4 Ke7 51. Ra3 g5 52. Kd5 Kd7 53. Ra7+ Nc7+ 54. Kxd4 Kc6 55. Ra1 Ne6+ 56. Ke4 Nf4 57. Rc1+ Kd7 58. Rg1 Ne6 59. Rd1+ Kc7 60. Kf5 Nd8 61. Kxg5 Nc6 62. e6 1-0

[Event "Calgary int."]
[Site "Calgary CAN"]
[Date "2012.05.17"]
[Round "5.3"]
[White "Kaufman, Raymond"]
[Black "Gurevich, Dmitry"]
[Result "0-1"]
[WhiteElo "2336"]
[BlackElo "2471"]
[PlyCount "56"]
[GameId "2160767909509442"]
[EventDate "2012.05.15"]
[EventType "swiss"]
[EventRounds "9"]
[EventCountry "CAN"]
[SourceTitle "CBM 148 Extra"]
[Source "ChessBase"]
[SourceDate "2012.06.22"]
[SourceVersion "1"]
[SourceVersionDate "2012.06.22"]
[SourceQuality "1"]

1. d4 Nf6 2. c4 e6 3. Nf3 a6 4. Nc3 c5 5. d5 b5 6. Bg5 b4 7. Ne4 Be7 8. Bxf6 Bxf6 9. dxe6 fxe6 10. Nd6+ Ke7 11. Qd2 Nc6 12. g3 Qa5 13. Ne4 b3 14. Qxa5 Nxa5 15. Nxf6 gxf6 16. axb3 Nxb3 17. Ra3 Rb8 18. Bg2 a5 19. Kd1 Ba6 20. Ra4 Rb4 21. Rxb4 axb4 22. Nd2 Nxd2 23. Kxd2 Bxc4 24. Rc1 d5 25. Ra1 Rd8 26. Ra5 Kd6 27. e3 Kc6 28. Ra7 Rd7 0-1

[Event "Calgary int."]
[Site "Calgary CAN"]
[Date "2012.05.17"]
[Round "5.4"]
[White "Mikhalevski, Victor"]
[Black "Porper, Edward"]
[Result "1/2-1/2"]
[WhiteElo "2519"]
[BlackElo "2414"]
[PlyCount "52"]
[GameId "2160767909509443"]
[EventDate "2012.05.15"]
[EventType "swiss"]
[EventRounds "9"]
[EventCountry "CAN"]
[SourceTitle "CBM 148 Extra"]
[Source "ChessBase"]
[SourceDate "2012.06.22"]
[SourceVersion "1"]
[SourceVersionDate "2012.06.22"]
[SourceQuality "1"]

1. c4 c6 2. Nf3 d5 3. g3 Nf6 4. Bg2 Bg4 5. Ne5 Be6 6. cxd5 Bxd5 7. Nf3 c5 8. Nc3 Bc6 9. d3 e6 10. O-O Be7 11. e4 O-O 12. Qe2 Qb6 13. Rd1 Rd8 14. Bf4 Be8 15. e5 Nd5 16. Bg5 Nc6 17. Bxe7 Ndxe7 18. Rac1 Ng6 19. b3 Nd4 20. Nxd4 Rxd4 21. Qe3 Rad8 22. Ne2 R4d7 23. Qxc5 Qxc5 24. Rxc5 b6 25. Rc3 Nxe5 26. d4 Kf8 1/2-1/2

[Event "Calgary int."]
[Site "Calgary CAN"]
[Date "2012.05.17"]
[Round "5.5"]
[White "Nguyen, Kim"]
[Black "Gardner, Robert"]
[Result "0-1"]
[WhiteElo "2110"]
[BlackElo "2202"]
[PlyCount "92"]
[GameId "2160767909509444"]
[EventDate "2012.05.15"]
[EventType "swiss"]
[EventRounds "9"]
[EventCountry "CAN"]
[SourceTitle "CBM 148 Extra"]
[Source "ChessBase"]
[SourceDate "2012.06.22"]
[SourceVersion "1"]
[SourceVersionDate "2012.06.22"]
[SourceQuality "1"]

1. e4 d6 2. d4 Nf6 3. Nc3 g6 4. Be3 Bg7 5. Qd2 c6 6. Nf3 h5 7. h3 Qc7 8. Ng5 b5 9. Bd3 e5 10. dxe5 dxe5 11. a4 b4 12. Nd1 c5 13. Bc4 O-O 14. O-O Bb7 15. f3 Nbd7 16. a5 Rad8 17. Qe2 Ne8 18. g4 Ndf6 19. Qf2 Nd6 20. Be2 Rc8 21. b3 a6 22. c3 Nb5 23. Qe1 bxc3 24. Bxb5 axb5 25. Nxc3 b4 26. Na4 Qe7 27. Nb6 Rc7 28. Qe2 Bh6 29. a6 Ba8 30. Qd2 Rd8 31. Qc1 Rc6 32. Nxa8 Rxa8 33. Qc4 Nd7 34. h4 Kg7 35. Qc1 Rcxa6 36. Rxa6 Rxa6 37. Ne6+ Qxe6 38. Bxh6+ Kh7 39. gxh5 Qh3 40. Qc4 Qg3+ 41. Kh1 Qxh4+ 42. Kg1 Qg3+ 43. Kh1 Ra2 44. Qxf7+ Kxh6 45. Qxg6+ Qxg6 46. hxg6 Rd2 0-1

[Event "Calgary int."]
[Site "Calgary CAN"]
[Date "2012.05.17"]
[Round "5.6"]
[White "Haessel, Dale"]
[Black "Wang, Richard"]
[Result "0-1"]
[WhiteElo "2161"]
[BlackElo "2307"]
[PlyCount "72"]
[GameId "2160767909509445"]
[EventDate "2012.05.15"]
[EventType "swiss"]
[EventRounds "9"]
[EventCountry "CAN"]
[SourceTitle "CBM 148 Extra"]
[Source "ChessBase"]
[SourceDate "2012.06.22"]
[SourceVersion "1"]
[SourceVersionDate "2012.06.22"]
[SourceQuality "1"]

1. d4 d5 2. c4 c6 3. Nf3 Nf6 4. e3 Bf5 5. Nc3 e6 6. Nh4 Bg6 7. a3 Nbd7 8. Nxg6 hxg6 9. g3 Bd6 10. c5 Bc7 11. Bg2 e5 12. b4 a6 13. Rb1 Qe7 14. O-O e4 15. a4 g5 16. f3 exf3 17. Bxf3 Qe6 18. Qc2 Ng4 19. Bxg4 Qxg4 20. Qe2 Qxe2 21. Nxe2 Nf6 22. Nc3 g4 23. Bd2 O-O-O 24. Rb2 Rde8 25. b5 Rh5 26. Na2 Ne4 27. bxc6 bxc6 28. Nb4 Bxg3 29. Nxc6 Bxh2+ 30. Kg2 Bc7 31. Rxf7 Rh2+ 32. Kg1 Reh8 33. Ne7+ Kd8 34. Nc6+ Ke8 35. Re7+ Kf8 36. Rxe4 Rh1+ 0-1

[Event "Calgary int."]
[Site "Calgary CAN"]
[Date "2012.05.17"]
[Round "5.7"]
[White "Yam, Alex"]
[Black "Perron, Sean"]
[Result "1/2-1/2"]
[WhiteElo "2258"]
[BlackElo "2059"]
[PlyCount "113"]
[GameId "2160767909509446"]
[EventDate "2012.05.15"]
[EventType "swiss"]
[EventRounds "9"]
[EventCountry "CAN"]
[SourceTitle "CBM 148 Extra"]
[Source "ChessBase"]
[SourceDate "2012.06.22"]
[SourceVersion "1"]
[SourceVersionDate "2012.06.22"]
[SourceQuality "1"]

1. e4 e6 2. d4 d5 3. Nc3 Bb4 4. e5 Qd7 5. a3 Bxc3+ 6. bxc3 b6 7. a4 Ba6 8. Bd3 Ne7 9. Ba3 O-O 10. Nf3 Bxd3 11. cxd3 Na6 12. O-O c5 13. Qb3 Rfc8 14. Qb5 Nb8 15. Rfb1 Qc7 16. dxc5 bxc5 17. d4 Nd7 18. Qa6 Rab8 19. Qd6 Qxd6 20. exd6 Nc6 21. Bxc5 f6 22. Ne1 Kf7 23. Nd3 e5 24. f3 Ke6 25. Re1 g5 26. Rab1 Na5 27. Bb4 Nc4 28. h4 h6 29. a5 Nxd6 30. Nf2 Nc4 31. Rbd1 Rb5 32. Ra1 Kf7 33. hxg5 hxg5 34. a6 Rc6 35. Nd3 Rbb6 36. Bc5 Nxc5 37. Nxc5 exd4 38. cxd4 Nd6 39. Reb1 Nf5 40. Rxb6 Rxb6 41. Ra4 Rc6 42. Nb7 Rc4 43. Ra1 Kg6 44. Na5 Rc7 45. Rd1 Kf7 46. g4 Ne7 47. Rb1 Ke6 48. Rb7 Kd6 49. Kf2 Rxb7 50. axb7 Kc7 51. Ke2 Ng6 52. Kd2 Nf4 53. Kc3 Ne6 54. Nc6 Kxb7 55. Ne7 Nc7 56. Ng8 Ne8 57. Ne7 1/2-1/2

[Event "Calgary int."]
[Site "Calgary CAN"]
[Date "2012.05.17"]
[Round "5.8"]
[White "Miller, David"]
[Black "Sequillion, Aaron"]
[Result "0-1"]
[WhiteElo "2049"]
[BlackElo "2012"]
[PlyCount "80"]
[GameId "2160767909509447"]
[EventDate "2012.05.15"]
[EventType "swiss"]
[EventRounds "9"]
[EventCountry "CAN"]
[SourceTitle "CBM 148 Extra"]
[Source "ChessBase"]
[SourceDate "2012.06.22"]
[SourceVersion "1"]
[SourceVersionDate "2012.06.22"]
[SourceQuality "1"]

1. e4 c5 2. Nf3 Nc6 3. d4 cxd4 4. Nxd4 Nf6 5. Nc3 e5 6. Ndb5 d6 7. Bg5 a6 8. Na3 b5 9. Nd5 Be7 10. Bxf6 Bxf6 11. c3 Bg5 12. Nc2 O-O 13. a4 Rb8 14. axb5 axb5 15. Bd3 Be6 16. Qe2 Bxd5 17. exd5 Ne7 18. Nb4 Qb6 19. Qh5 Bh6 20. g4 e4 21. Bxe4 f5 22. gxf5 Nxf5 23. Bxf5 Rbe8+ 24. Kf1 Re5 25. Ra6 Qb7 26. Rg1 Rfxf5 27. Qh4 Be3 28. Rg2 Bd2 29. Ra1 Re8 30. h3 Qf7 31. Kg1 Rfe5 32. Rg3 h5 33. Qd4 Bf4 34. Ra7 R5e7 35. Rxe7 Rxe7 36. Rd3 Qg6+ 37. Kf1 Bh2 38. Re3 Qb1+ 39. Kg2 Qg1+ 40. Kf3 Rf7+ 0-1

[Event "Calgary int."]
[Site "Calgary CAN"]
[Date "2012.05.18"]
[Round "6.1"]
[White "Gurevich, Dmitry"]
[Black "Kovalyov, Anton"]
[Result "1/2-1/2"]
[WhiteElo "2471"]
[BlackElo "2619"]
[PlyCount "40"]
[GameId "2160767909509448"]
[EventDate "2012.05.15"]
[EventType "swiss"]
[EventRounds "9"]
[EventCountry "CAN"]
[SourceTitle "CBM 148 Extra"]
[Source "ChessBase"]
[SourceDate "2012.06.22"]
[SourceVersion "1"]
[SourceVersionDate "2012.06.22"]
[SourceQuality "1"]

1. d4 Nf6 2. c4 e6 3. g3 d5 4. Bg2 Be7 5. Nf3 O-O 6. O-O c6 7. Qc2 b6 8. b3 Nbd7 9. Rd1 Ba6 10. Nbd2 Rc8 11. e4 c5 12. exd5 exd5 13. Qf5 g6 14. Qh3 cxd4 15. Nxd4 Ne5 16. N2f3 Neg4 17. Bf4 Bd6 18. Ng5 Bxf4 19. gxf4 h6 20. Ngf3 Qc7 1/2-1/2

[Event "Calgary int."]
[Site "Calgary CAN"]
[Date "2012.05.18"]
[Round "6.2"]
[White "Gardner, Robert"]
[Black "Shabalov, Alexander"]
[Result "0-1"]
[WhiteElo "2202"]
[BlackElo "2534"]
[PlyCount "74"]
[GameId "2160767909509449"]
[EventDate "2012.05.15"]
[EventType "swiss"]
[EventRounds "9"]
[EventCountry "CAN"]
[SourceTitle "CBM 148 Extra"]
[Source "ChessBase"]
[SourceDate "2012.06.22"]
[SourceVersion "1"]
[SourceVersionDate "2012.06.22"]
[SourceQuality "1"]

1. d4 Nf6 2. c4 e6 3. Nc3 Bb4 4. f3 d5 5. a3 Bxc3+ 6. bxc3 c5 7. cxd5 exd5 8. e3 c4 9. Ne2 Nc6 10. g4 O-O 11. Bg2 Na5 12. O-O Nb3 13. Ra2 b5 14. g5 Nd7 15. e4 Nb6 16. e5 Bf5 17. f4 Na4 18. Rf3 Bb1 19. Rc2 a5 20. Rh3 b4 21. Be3 Bxc2 22. Qxc2 g6 23. axb4 axb4 24. cxb4 Nb6 25. f5 Qd7 26. Ng3 Ra1+ 27. Bf1 Nc8 28. Rh6 Ne7 29. Qg2 Nxf5 30. Qh3 Rfa8 31. Rxh7 Kf8 32. Ne2 Nxe3 33. Qxe3 Qg4+ 34. Ng3 R8a2 35. e6 Rxf1+ 36. Kxf1 Qd1+ 37. Qe1 Qf3+ 0-1

[Event "Calgary int."]
[Site "Calgary CAN"]
[Date "2012.05.18"]
[Round "6.3"]
[White "Porper, Edward"]
[Black "Pechenkin, Vladimir"]
[Result "1-0"]
[WhiteElo "2414"]
[BlackElo "2312"]
[PlyCount "45"]
[GameId "2160767909509450"]
[EventDate "2012.05.15"]
[EventType "swiss"]
[EventRounds "9"]
[EventCountry "CAN"]
[SourceTitle "CBM 148 Extra"]
[Source "ChessBase"]
[SourceDate "2012.06.22"]
[SourceVersion "1"]
[SourceVersionDate "2012.06.22"]
[SourceQuality "1"]

1. b3 e5 2. Bb2 d6 3. e3 g6 4. d4 Bg7 5. dxe5 Nc6 6. Nf3 Nge7 7. Na3 Nxe5 8. Nxe5 Bxe5 9. Bxe5 dxe5 10. Qxd8+ Kxd8 11. O-O-O+ Bd7 12. Bc4 Rf8 13. Rd2 Nc8 14. Rhd1 Nd6 15. Bd5 Kc8 16. Nc4 Nxc4 17. Bxc4 Bc6 18. Bxf7 b6 19. Be6+ Kb7 20. f3 g5 21. e4 h5 22. h3 Rf4 23. Rd8 1-0

[Event "Calgary int."]
[Site "Calgary CAN"]
[Date "2012.05.18"]
[Round "6.4"]
[White "Kaufman, Larry C"]
[Black "Mikhalevski, Victor"]
[Result "0-1"]
[WhiteElo "2380"]
[BlackElo "2519"]
[PlyCount "140"]
[GameId "2160767909509451"]
[EventDate "2012.05.15"]
[EventType "swiss"]
[EventRounds "9"]
[EventCountry "CAN"]
[SourceTitle "CBM 148 Extra"]
[Source "ChessBase"]
[SourceDate "2012.06.22"]
[SourceVersion "1"]
[SourceVersionDate "2012.06.22"]
[SourceQuality "1"]

1. d4 Nf6 2. c4 g6 3. Nc3 d5 4. Nf3 Bg7 5. Qb3 dxc4 6. Qxc4 O-O 7. e4 Na6 8. Be2 c5 9. d5 e6 10. O-O exd5 11. exd5 b6 12. Qh4 Ng4 13. Ng5 Nh6 14. Rd1 Nb4 15. Rd2 Ba6 16. Bxa6 Nxa6 17. a3 Nc7 18. Rd1 Ne8 19. h3 Nd6 20. g4 Re8 21. Bf4 Nc4 22. Rab1 Nd6 23. Qg3 Bf8 24. Re1 a6 25. Rbd1 b5 26. Nce4 Nxe4 27. Nxe4 f5 28. Bg5 Be7 29. Bxh6 fxe4 30. Rxe4 Bf6 31. Rxe8+ Qxe8 32. Be3 c4 33. d6 Rd8 34. Rd2 Qe6 35. g5 Bg7 36. Qg4 Qxg4+ 37. hxg4 Kf7 38. Bf4 Bf8 39. a4 Ke6 40. axb5 axb5 41. Re2+ Kd5 42. Kf1 b4 43. Ke1 Kc5 44. Re6 Bg7 45. Re2 Ra8 46. d7 Kc6 47. Re4 Kxd7 48. Rxc4 Bxb2 49. Bd2 b3 50. Rb4 Ra3 51. Kd1 Be5 52. Bc1 Ra1 53. Rxb3 Bf4 54. Rb7+ Ke6 55. Rxh7 Rxc1+ 56. Ke2 Bxg5 57. Rg7 Kf6 58. Rb7 Rc2+ 59. Kf3 Bh4 60. Rb6+ Kg5 61. Rb5+ Kh6 62. Kg2 Bxf2 63. Kh3 Rc3+ 64. Kg2 Bc5 65. Ra5 Kg5 66. Ra6 Ba3 67. Re6 Bc1 68. Ra6 Bf4 69. Re6 Rd3 70. Ra6 Rd6 0-1

[Event "Calgary int."]
[Site "Calgary CAN"]
[Date "2012.05.18"]
[Round "6.5"]
[White "Wang, Richard"]
[Black "Kaufman, Raymond"]
[Result "1-0"]
[WhiteElo "2307"]
[BlackElo "2336"]
[PlyCount "43"]
[GameId "2160767909509452"]
[EventDate "2012.05.15"]
[EventType "swiss"]
[EventRounds "9"]
[EventCountry "CAN"]
[SourceTitle "CBM 148 Extra"]
[Source "ChessBase"]
[SourceDate "2012.06.22"]
[SourceVersion "1"]
[SourceVersionDate "2012.06.22"]
[SourceQuality "1"]

1. d4 Nf6 2. Nf3 g6 3. c4 Bg7 4. Nc3 d5 5. cxd5 Nxd5 6. e4 Nxc3 7. bxc3 c5 8. Be3 O-O 9. Qd2 Qa5 10. Rc1 Rd8 11. d5 e6 12. Bg5 Rd7 13. Qe3 Qxa2 14. Bb5 exd5 15. exd5 Na6 16. Qe8+ Bf8 17. Bxd7 Nc7 18. Qd8 Bxd7 19. Qxd7 Re8+ 20. Be3 Rxe3+ 21. fxe3 Qxg2 22. Rf1 1-0